Trading financial options

Bibliographic Details
Main Author: Smith, A. L. H. (Author)
Format: Book
Published: London : Butterworths , 1986
Subjects:

MARC

LEADER 00000cam a2200000 7i4500
001 0000002610
005 20070516093000.0
008 021118s1986
020 |a 0406100470 
090 0 0 |a HG6042   |b .S67 
100 0 |a Smith, A. L. H. ,   |e author 
245 1 0 |a Trading financial options   |c A. L. H. Smith 
260 2 |a London :   |b Butterworths ,   |c 1986 
300 |a 200 p. ;   |c 25 cm. 
504 |a Includes index 
650 0 |a Put and call transactions 
999 |a 1000019747   |b Book   |c OPEN SHELF (30 DAYS)   |e Gong Badak Campus